[Event "AUTO-ELITE-1781"]
[Site "http://www.queenalice.com/game.php?id=1460561"]
[Date "2017.1.21"]
[Round "1"]
[White "Jerzy"]
[Black "ApplePlayer"]
[Result "1-0"]
[WhiteElo "2306"]
[BlackElo "2217"]

1. d4 Nf6 2. Nf3 g6 3. c4 Bg7 4. Nc3 O-O 5. e4 d6 6. g3 e5 7. Bg2 Nc6 8. d5 Ne7
9. O-O Ne8 10. Be3 f5 11. Qd2 Nf6 12. Nh4 Ng4 13. Bg5 Bd7 14. Rad1 Bf6 15. h3
Bxg5 16. Qxg5 Nf6 17. exf5 Nxf5 18. Nxf5 Bxf5 19. g4 Bd7 20. f4 exf4 21. Qxf4
Qe7 22. Rde1 Qg7 23. Qd4 Rae8 24. Ne4 Nxe4 25. Qxg7+ Kxg7 26. Rxf8 Kxf8 27. Rxe4
Rxe4 28. Bxe4 Kf7 29. Kf2 h6 30. Ke3 Kf6 31. Kf4 g5+ 32. Ke3 Ke5 33. b3 a5 34.
a3 c5 35. a4 Be8 36. Bc2 h5 37. Bd3 1-0

[Event "AUTO-MASTER-2555"]
[Site "http://www.queenalice.com/game.php?id=1460776"]
[Date "2017.1.22"]
[Round "1"]
[White "clovis"]
[Black "ApplePlayer"]
[Result "0-1"]
[WhiteElo "2067"]
[BlackElo "2198"]

1. e4 c5 2. Nf3 Nc6 3. Bb5 Nd4 4. Nc3 a6 5. Bc4 Nxf3+ 6. Qxf3 e6 7. O-O b5 8. e5
Rb8 9. Be2 Bb7 10. d3 Bxf3 11. Bxf3 d5 12. Bf4 b4 13. Nxd5 exd5 14. e6 Bd6 15.
exf7+ Kxf7 16. Bxd5+ Kf6 0-1

[Event "AUTO-MASTER-2555"]
[Site "http://www.queenalice.com/game.php?id=1460777"]
[Date "2017.1.22"]
[Round "1"]
[White "ApplePlayer"]
[Black "clovis"]
[Result "1-0"]
[WhiteElo "2206"]
[BlackElo "2103"]

1. d4 d5 2. c4 c6 3. Nc3 e6 4. Nf3 Nf6 5. Bg5 dxc4 6. e4 b5 7. e5 h6 8. Bxf6
gxf6 9. a4 Bb4 10. Be2 Bb7 11. O-O Nd7 12. Ne4 fxe5 13. dxe5 Qc7 14. Nd6+ Ke7
15. axb5 Nxe5 16. Nxb7 Nxf3+ 17. Bxf3 Qxb7 18. Bxc6 Qc7 19. Bxa8 Rxa8 20. Qf3
Rg8 21. Qc6 Qf4 22. Rxa7+ Kf6 23. g3 h5 24. Kh1 Qg4 25. f4 h4 26. Qc7 hxg3 27.
Qxf7# 1-0

[Event "AUTO-MASTER-2555"]
[Site "http://www.queenalice.com/game.php?id=1460795"]
[Date "2017.1.22"]
[Round "1"]
[White "szachograjek"]
[Black "ApplePlayer"]
[Result "1/2-1/2"]
[WhiteElo "2144"]
[BlackElo "2222"]

1. e4 c5 2. Nf3 Nc6 3. d4 cxd4 4. Nxd4 Nf6 5. Nc3 e5 6. Ndb5 d6 7. Bg5 a6 8. Na3
Be7 9. Bxf6 Bxf6 10. Nd5 Be6 11. c3 O-O 12. Nc2 Ne7 13. Nce3 Bg5 14. h4 Bxe3 15.
Nxe3 f5 16. Bc4 Bxc4 17. Nxc4 fxe4 18. Qxd6 Qe8 19. Qxe5 Qf7 20. O-O Ng6 21.
Qxe4 Rae8 22. Qg4 Qc7 23. g3 b5 24. Nd2 Ne5 25. Qb4 1/2-1/2

[Event "AUTO-MASTER-2555"]
[Site "http://www.queenalice.com/game.php?id=1460797"]
[Date "2017.1.22"]
[Round "1"]
[White "Eduardomoreto67"]
[Black "ApplePlayer"]
[Result "1/2-1/2"]
[WhiteElo "2209"]
[BlackElo "2221"]

1. e4 e6 2. d4 d5 3. Nc3 Nf6 4. exd5 exd5 5. Nf3 Bd6 6. Be2 O-O 7. O-O Bg4 8.
Bg5 c6 9. h3 Bxf3 10. Bxf3 Nbd7 11. Re1 h6 12. Bxf6 Nxf6 13. Qd3 Qd7 14. a4 Rfe8
15. Kf1 Bb4 16. Rxe8+ Rxe8 17. Re1 Rxe1+ 18. Kxe1 Qe7+ 1/2-1/2

[Event "AUTO-OPEN-3610"]
[Site "http://www.queenalice.com/game.php?id=1467637"]
[Date "2017.3.6"]
[Round "3"]
[White "ApplePlayer"]
[Black "kingdave"]
[Result "1/2-1/2"]
[WhiteElo "2179"]
[BlackElo "2247"]

1. e4 e5 2. f4 exf4 3. Nf3 d6 4. Bc4 h6 5. O-O g5 6. d4 Bg7 7. c3 Nc6 8. g3 Bh3
9. Rf2 Nf6 10. Qe2 Nh5 11. gxf4 gxf4 12. Bxf7+ Kxf7 13. Ne5+ dxe5 14. Qxh5+ Kf8
15. Qxh3 Rg8 16. d5 Ne7 17. Kf1 Ng6 18. Nd2 Qh4 19. Qd7 Qe7 20. Qh3 Qh4 21. Qd7
Qe7 1/2-1/2

[Event "AUTO-OPEN-3610"]
[Site "http://www.queenalice.com/game.php?id=1467638"]
[Date "2017.3.6"]
[Round "3"]
[White "kingdave"]
[Black "ApplePlayer"]
[Result "1-0"]
[WhiteElo "2236"]
[BlackElo "2190"]

1. e4 e6 2. d4 d5 3. Nc3 Nf6 4. e5 Nfd7 5. f4 c5 6. Nf3 Nc6 7. Be3 a6 8. Qd2 b5
9. a3 cxd4 10. Nxd4 Nxd4 11. Bxd4 Bb7 12. Be2 Be7 13. O-O O-O 14. Bd3 Nc5 15. f5
Nxd3 16. Qxd3 exf5 17. Qxf5 g6 18. Qd3 f5 19. exf6 Bxf6 20. Bxf6 Rxf6 21. Rxf6
Qxf6 22. Nxd5 Qg5 23. Rd1 Re8 24. Qg3 Qxg3 25. hxg3 Re2 26. Nf4 Rxc2 27. Rd8+
1-0

[Event "AUTO-ELITE-1822"]
[Site "http://www.queenalice.com/game.php?id=1474439"]
[Date "2017.4.20"]
[Round "1"]
[White "patoche"]
[Black "ApplePlayer"]
[Result "1-0"]
[WhiteElo "2670"]
[BlackElo "2207"]

1. d4 Nf6 2. c4 g6 3. Nc3 Bg7 4. e4 d6 5. Be2 O-O 6. h4 e5 7. d5 Na6 8. Bg5 h6
9. Be3 Nc5 10. Qc2 a5 11. h5 Ng4 12. Bxg4 Bxg4 13. Nge2 g5 14. Bxc5 dxc5 15. Ng3
f5 16. Nxf5 Qf6 17. Ne3 1-0

[Event "AUTO-ELITE-1822"]
[Site "http://www.queenalice.com/game.php?id=1474440"]
[Date "2017.4.20"]
[Round "1"]
[White "ApplePlayer"]
[Black "patoche"]
[Result "0-1"]
[WhiteElo "2208"]
[BlackElo "2669"]

1. e4 Nc6 2. Nc3 e6 3. d4 Bb4 4. Nf3 d6 5. Bb5 Nf6 6. Bg5 h6 7. Bxf6 Qxf6 8. e5
Qe7 9. O-O Bd7 10. Bd3 dxe5 11. dxe5 O-O-O 12. Ne4 f5 13. exf6 gxf6 14. a3 Ba5
0-1

[Event "AUTO-ELITE-1822"]
[Site "http://www.queenalice.com/game.php?id=1474445"]
[Date "2017.4.20"]
[Round "1"]
[White "ApplePlayer"]
[Black "Ahlkhanvio"]
[Result "0-1"]
[WhiteElo "2112"]
[BlackElo "2345"]

1. e4 e6 2. d4 d5 3. Nd2 Be7 4. Ngf3 Nf6 5. Bd3 c5 6. c3 Nc6 7. e5 Nd7 8. O-O a5
9. Qe2 cxd4 10. cxd4 Nb6 11. Nb3 a4 12. Nc5 Nxd4 13. Nxd4 Bxc5 14. Nf3 Nd7 15.
Bf4 h6 16. Rac1 b6 17. Rfd1 O-O 18. Qd2 f6 19. Bxh6 gxh6 20. Qxh6 Qe7 21. exf6
Rxf6 22. Qh5 Qf7 23. Qh4 Qg7 24. Kh1 Bb7 0-1

[Event "AUTO-ELITE-1822"]
[Site "http://www.queenalice.com/game.php?id=1474446"]
[Date "2017.4.20"]
[Round "1"]
[White "Ahlkhanvio"]
[Black "ApplePlayer"]
[Result "1-0"]
[WhiteElo "2350"]
[BlackElo "2107"]

1. d4 Nf6 2. c4 g6 3. Nc3 Bg7 4. Nf3 O-O 5. g3 d6 6. Bg2 Nbd7 7. O-O e5 8. e4
exd4 9. Nxd4 Ne5 10. b3 h6 11. Bb2 Re8 12. Qc2 Qe7 13. f4 Neg4 14. Qd2 h5 15. h3
Nh6 16. Rad1 h4 17. g4 Nfxg4 18. Nd5 Qd8 19. hxg4 Bxg4 20. Nf3 h3 21. Bxg7 hxg2
22. Bxh6 gxf1=Q+ 23. Rxf1 f6 24. Qg2 Bh5 25. Qb2 1-0

[Event "AUTO-MASTER-2586"]
[Site "http://www.queenalice.com/game.php?id=1474725"]
[Date "2017.4.23"]
[Round "1"]
[White "al93oliveira"]
[Black "ApplePlayer"]
[Result "1-0"]
[WhiteElo "2194"]
[BlackElo "2171"]

1. e4 c5 2. Nf3 Nc6 3. d4 cxd4 4. Nxd4 Nf6 5. Nc3 e5 6. Ndb5 d6 7. Bg5 a6 8. Na3
b5 9. Nd5 Be7 10. Bxf6 gxf6 11. c3 f5 12. Bd3 fxe4 13. Bxe4 Bd7 14. Qh5 Rc8 15.
O-O Be6 16. Rad1 b4 17. cxb4 Nd4 18. b3 Bxd5 19. Bxd5 O-O 20. Rd3 1-0

[Event "AUTO-MASTER-2586"]
[Site "http://www.queenalice.com/game.php?id=1474726"]
[Date "2017.4.23"]
[Round "1"]
[White "ApplePlayer"]
[Black "al93oliveira"]
[Result "0-1"]
[WhiteElo "2062"]
[BlackElo "2233"]

1. d4 Nf6 2. c4 g6 3. Nc3 Bg7 4. e4 d6 5. h3 O-O 6. g4 c6 7. Bd3 e5 8. d5 a6 9.
Nge2 b5 10. dxc6 bxc4 11. Bxc4 Nxc6 12. Bg5 h6 13. Be3 Be6 14. Bd5 Bxd5 15. exd5
Ne7 16. Qd2 Kh7 17. g5 hxg5 0-1

[Event "AUTO-MASTER-2586"]
[Site "http://www.queenalice.com/game.php?id=1474739"]
[Date "2017.4.23"]
[Round "1"]
[White "ignacius"]
[Black "ApplePlayer"]
[Result "1-0"]
[WhiteElo "2063"]
[BlackElo "2206"]

1. d4 f5 2. c4 Nf6 3. Bg5 Ne4 4. Bd2 g6 5. Nc3 Nxd2 6. Qxd2 Bg7 7. Nf3 c5 8. d5
d6 9. e3 O-O 10. Rc1 Nd7 11. a3 Ne5 12. Nxe5 Bxe5 13. Be2 f4 14. Bf3 fxe3 15.
fxe3 1-0

[Event "AUTO-MASTER-2586"]
[Site "http://www.queenalice.com/game.php?id=1474740"]
[Date "2017.4.23"]
[Round "1"]
[White "ApplePlayer"]
[Black "ignacius"]
[Result "1-0"]
[WhiteElo "2220"]
[BlackElo "2055"]

1. e4 c5 2. Ne2 e6 3. d4 cxd4 4. Nxd4 Nc6 5. Nxc6 bxc6 6. Bd3 Bc5 7. O-O Bd6 8.
f4 a5 9. e5 Bc5+ 10. Kh1 Ne7 11. Nc3 Bb7 12. Ne4 Qb6 13. Qg4 O-O 14. Nf6+ Kh8
15. Qh4 h6 16. f5 Bd4 17. Bxh6 1-0

[Event "AUTO-MASTER-2586"]
[Site "http://www.queenalice.com/game.php?id=1474747"]
[Date "2017.4.23"]
[Round "1"]
[White "rich"]
[Black "ApplePlayer"]
[Result "1-0"]
[WhiteElo "1990"]
[BlackElo "2189"]

1. d4 Nf6 2. c4 g6 3. Nc3 Bg7 4. e4 d6 5. Nf3 O-O 6. Be2 e5 7. dxe5 dxe5 8. Qc2
Nc6 9. O-O Nd4 10. Nxd4 exd4 11. Nd5 c6 12. Nxf6+ Qxf6 13. f4 Qe7 14. Bd2 f5 15.
e5 Be6 16. Rad1 Rfd8 17. Bd3 1-0

[Event "AUTO-MASTER-2586"]
[Site "http://www.queenalice.com/game.php?id=1474748"]
[Date "2017.4.23"]
[Round "1"]
[White "ApplePlayer"]
[Black "rich"]
[Result "0-1"]
[WhiteElo "2102"]
[BlackElo "1998"]

1. d4 Nf6 2. c4 g6 3. Nc3 d5 4. cxd5 Nxd5 5. e4 Nxc3 6. bxc3 Bg7 7. Bc4 O-O 8.
Ne2 b6 9. O-O Bb7 10. f3 Nd7 11. Be3 e6 12. Qd2 c5 13. Rac1 Rc8 14. Rfd1 cxd4
15. cxd4 a6 16. Bh6 b5 17. Bxg7 Kxg7 18. Bb3 Qb6 19. Kh1 Rfd8 20. Ng3 e5 0-1

[Event "AUTO-MASTER-2619"]
[Site "http://www.queenalice.com/game.php?id=1486923"]
[Date "2017.7.21"]
[Round "1"]
[White "ApplePlayer"]
[Black "MSchatz"]
[Result "0-1"]
[WhiteElo "2160"]
[BlackElo "2124"]

1. d4 d5 2. c4 e6 3. Nc3 Nf6 4. Nf3 Be7 5. Bg5 Nbd7 6. e3 b6 7. Bd3 Bb7 8. O-O
h6 9. Bxf6 Nxf6 10. Ne5 O-O 11. cxd5 Nxd5 0-1

[Event "AUTO-MASTER-2619"]
[Site "http://www.queenalice.com/game.php?id=1486924"]
[Date "2017.7.21"]
[Round "1"]
[White "MSchatz"]
[Black "ApplePlayer"]
[Result "1-0"]
[WhiteElo "2129"]
[BlackElo "2147"]

1. e4 e6 2. d4 d5 3. exd5 exd5 4. Bd3 Bd6 5. Be3 Ne7 6. Nf3 Bg4 7. Nbd2 Nbc6 8.
c3 Qd7 9. h3 Bf5 10. Qc2 Bxd3 11. Qxd3 O-O 12. O-O 1-0

[Event "AUTO-MASTER-2619"]
[Site "http://www.queenalice.com/game.php?id=1486925"]
[Date "2017.7.21"]
[Round "1"]
[White "ApplePlayer"]
[Black "capaputi"]
[Result "0-1"]
[WhiteElo "2083"]
[BlackElo "2216"]

1. d4 c5 2. e4 cxd4 3. Nf3 Nc6 4. Nxd4 Nf6 5. Nc3 d6 6. Bg5 e6 7. f4 Qb6 8. Nxc6
bxc6 9. Qd2 Rb8 10. e5 Nd5 11. Ne4 Qxb2 0-1

[Event "AUTO-MASTER-2619"]
[Site "http://www.queenalice.com/game.php?id=1486926"]
[Date "2017.7.21"]
[Round "1"]
[White "capaputi"]
[Black "ApplePlayer"]
[Result "1-0"]
[WhiteElo "2224"]
[BlackElo "2072"]

1. d4 Nf6 2. Nf3 g6 3. Nc3 d5 4. Bg5 Ne4 5. Bf4 Bg7 6. e3 O-O 7. Bd3 f5 8. h4 e6
9. Bxe4 fxe4 10. Ne5 Nd7 11. Qg4 Nxe5 12. Bxe5 Bxe5 13. dxe5 1-0